[Event "2. Samba Cup B gruppen"]
[Site "Skanderborg"]
[Date "2005.10.22"]
[Round "8"]
[White "Berg, Klaus"]
[Black "Rendboe, John Filip"]
[Result "1-0"]
[WhiteElo "2420"]
[BlackElo "2259"]
[PlyCount "119"]
[EventDate "2005.10.14"]
[EventType "tourn"]
[EventRounds "9"]
[EventCountry "DEN"]
[EventCategory "3"]
[Source "ChessBase"]
[SourceDate "2005.11.24"]

1. d4 d5 2. Bg5 Nd7 3. e3 Ngf6 4. c4 e6 5. cxd5 exd5 6. Nc3 Be7 7. Bd3 c6 8.
Qc2 O-O 9. Nge2 Re8 10. O-O Nf8 11. f3 h6 12. Bh4 Ne6 13. Rad1 b6 14. Kh1 Bb7
15. Bf2 Rc8 16. e4 Nh5 17. e5 Nhf4 18. Nxf4 Nxf4 19. Bf5 Ne6 20. Be3 c5 21.
Bxe6 fxe6 22. Qg6 Kh8 23. Bxh6 gxh6 24. Qxh6+ Kg8 25. Qg6+ Kh8 26. f4 Bh4 27.
Qh6+ Kg8 28. Nb5 Ba6 29. Nd6 Rc7 30. Qg6+ Rg7 31. Qxe8+ Qxe8 32. Nxe8 Rb7 33.
Kg1 Bxf1 34. Kxf1 Be7 35. Ke2 Kf7 36. Nd6+ Bxd6 37. exd6 Rd7 38. dxc5 bxc5 39.
Rc1 c4 40. b3 Rxd6 41. bxc4 Ra6 42. Rc2 dxc4 43. Ke3 Kf6 44. g4 Ra4 45. h4 e5
46. Rc3 exf4+ 47. Kxf4 Rxa2 48. Rxc4 Rf2+ 49. Kg3 Ra2 50. Rc6+ Kg7 51. h5 Ra3+
52. Kh4 Ra1 53. h6+ Kh7 54. Kh5 Rh1+ 55. Kg5 Ra1 56. Rc7+ Kg8 57. Kh5 Ra5+ 58.
g5 Kh8 59. Rb7 Rc5 60. h7 1-0

[Event "2. Samba Cup B gruppen"]
[Site "Skanderborg"]
[Date "2005.10.15"]
[Round "2"]
[White "Berg, Klaus"]
[Black "Glud, Jakob Vang"]
[Result "1/2-1/2"]
[WhiteElo "2420"]
[BlackElo "2313"]
[PlyCount "42"]
[EventDate "2005.10.14"]
[EventType "tourn"]
[EventRounds "9"]
[EventCountry "DEN"]
[EventCategory "3"]
[Source "ChessBase"]
[SourceDate "2005.11.24"]

1. d4 d5 2. c4 e6 3. Nc3 Be7 4. cxd5 exd5 5. Bf4 c6 6. Qc2 g6 7. e3 Bf5 8. Qd2
Nf6 9. f3 Nbd7 10. Nge2 h5 11. Ng3 Be6 12. Bd3 h4 13. Nge2 Nh5 14. h3 Nxf4 15.
Nxf4 Nf8 16. Nxe6 Nxe6 17. O-O-O Qa5 18. Kb1 O-O-O 19. Rhe1 Kb8 20. Qc2 Rhe8
21. a3 Bf6 1/2-1/2

[Event "2. Samba Cup B gruppen"]
[Site "Skanderborg"]
[Date "2005.10.20"]
[Round "6"]
[White "Berg, Klaus"]
[Black "Ibarra Padron, Joel"]
[Result "0-1"]
[WhiteElo "2420"]
[BlackElo "2280"]
[PlyCount "85"]
[EventDate "2005.10.14"]
[EventType "tourn"]
[EventRounds "9"]
[EventCountry "DEN"]
[EventCategory "3"]
[Source "ChessBase"]
[SourceDate "2005.11.24"]

1. d4 Nf6 2. Bg5 g6 3. Bxf6 exf6 4. c4 f5 5. e3 d6 6. Nc3 Bg7 7. Nge2 Nd7 8. g3
c6 9. Bg2 Nf6 10. b4 O-O 11. O-O Re8 12. Qd3 Qe7 13. b5 Ne4 14. Rab1 h5 15. h4
Bh6 16. Nf4 Kh8 17. Bf3 g5 18. hxg5 Qxg5 19. Nxh5 Nxf2 20. Rxf2 Rxe3 21. Qf1
Rxc3 22. bxc6 bxc6 23. Bxc6 Qxh5 24. Bxa8 Rxg3+ 25. Bg2 Be3 26. Rb8 Rg8 27. Qe1
Qf3 28. Kf1 Qg3 29. Qe2 Bxf2 30. Qxf2 Qd3+ 31. Kg1 Qd1+ 32. Kh2 Qh5+ 33. Bh3 f4
34. Rb3 Be6 35. d5 Bf5 36. Rf3 Kh7 37. Rc3 Rg6 38. Qf3 Qh4 39. c5 Rg3 40. Qxg3
fxg3+ 41. Rxg3 dxc5 42. Kg2 Qe4+ 43. Kf2 0-1

[Event "2. Samba Cup B gruppen"]
[Site "Skanderborg"]
[Date "2005.10.21"]
[Round "7"]
[White "Glud, Jakob Vang"]
[Black "Matthiesen, Martin"]
[Result "1-0"]
[WhiteElo "2313"]
[BlackElo "2311"]
[PlyCount "89"]
[EventDate "2005.10.14"]
[EventType "tourn"]
[EventRounds "9"]
[EventCountry "DEN"]
[EventCategory "3"]
[Source "ChessBase"]
[SourceDate "2005.11.24"]

1. c4 e5 2. g3 Nf6 3. Bg2 c6 4. d4 Bb4+ 5. Bd2 Bxd2+ 6. Qxd2 d6 7. Nc3 O-O 8.
e3 Be6 9. Rd1 Nbd7 10. b3 exd4 11. Qxd4 Qa5 12. Nge2 Nc5 13. O-O Rad8 14. Nf4
Bc8 15. h3 h6 16. Rb1 Ne6 17. b4 Qe5 18. Nxe6 Bxe6 19. Rfd1 Rd7 20. a3 Rfd8 21.
Na4 Qh5 22. g4 Qh4 23. Qf4 h5 24. g5 Qxf4 25. exf4 Nh7 26. c5 Nf8 27. cxd6 Rxd6
28. Rxd6 Rxd6 29. Nc5 Bf5 30. Re1 b6 31. Nb7 Rd3 32. Re3 Ne6 33. Bxc6 Nxf4 34.
Rxd3 Bxd3 35. Kh2 Ne6 36. Nd6 Nxg5 37. Nc8 Ne6 38. Nxa7 Nd4 39. a4 Kf8 40. Bd5
Bf5 41. a5 bxa5 42. bxa5 Be6 43. Bxe6 Nxe6 44. Nb5 Nc5 45. Nc7 1-0

[Event "2. Samba Cup B gruppen"]
[Site "Skanderborg"]
[Date "2005.10.16"]
[Round "3"]
[White "Glud, Jakob Vang"]
[Black "Skovgaard, Peter Nicolai"]
[Result "1/2-1/2"]
[WhiteElo "2313"]
[BlackElo "2130"]
[PlyCount "41"]
[EventDate "2005.10.14"]
[EventType "tourn"]
[EventRounds "9"]
[EventCountry "DEN"]
[EventCategory "3"]
[Source "ChessBase"]
[SourceDate "2005.11.24"]

1. d4 Nf6 2. Nf3 c5 3. d5 e6 4. Nc3 exd5 5. Nxd5 Nxd5 6. Qxd5 d6 7. e4 Nc6 8.
Ng5 Qe7 9. Bc4 f6 10. Qf7+ Kd7 11. Qxe7+ Bxe7 12. Ne6 Nb4 13. O-O b5 14. Bd5
Nxd5 15. exd5 g6 16. a4 b4 17. a5 Bb7 18. Nf4 Ba6 19. Re1 Rae8 20. b3 Bd8 21.
Bb2 1/2-1/2

[Event "2. Samba Cup B gruppen"]
[Site "Skanderborg"]
[Date "2005.10.23"]
[Round "9"]
[White "Glud, Jakob Vang"]
[Black "Pytel, Krzysztof"]
[Result "0-1"]
[WhiteElo "2313"]
[BlackElo "2377"]
[PlyCount "70"]
[EventDate "2005.10.14"]
[EventType "tourn"]
[EventRounds "9"]
[EventCountry "DEN"]
[EventCategory "3"]
[Source "ChessBase"]
[SourceDate "2005.11.24"]

1. c4 f5 2. g3 Nf6 3. Bg2 e5 4. Nc3 Bb4 5. d3 Bxc3+ 6. bxc3 d6 7. Nf3 c5 8. O-O
Nc6 9. Ne1 O-O 10. Nc2 Qe8 11. Ne3 f4 12. Nd5 Qh5 13. e4 Qg6 14. gxf4 Nxd5 15.
cxd5 exf4 16. f3 Ne5 17. Kh1 Qh5 18. d4 cxd4 19. cxd4 Ng6 20. Ba3 Rf6 21. Rc1
Nh4 22. Rxc8+ Rxc8 23. Bh3 Rc3 24. Bg4 Qe8 25. Bb2 Rc4 26. Qb3 b5 27. e5 Rh6
28. Re1 a6 29. Re4 Qd8 30. exd6 Rxd6 31. Rxf4 h5 32. Bh3 Qg5 33. Qe3 Rg6 34.
Bc1 Kh7 35. Bd2 Ng2 0-1

[Event "2. Samba Cup B gruppen"]
[Site "Skanderborg"]
[Date "2005.10.18"]
[Round "5"]
[White "Glud, Jakob Vang"]
[Black "Rendboe, John Filip"]
[Result "1-0"]
[WhiteElo "2313"]
[BlackElo "2259"]
[PlyCount "139"]
[EventDate "2005.10.14"]
[EventType "tourn"]
[EventRounds "9"]
[EventCountry "DEN"]
[EventCategory "3"]
[Source "ChessBase"]
[SourceDate "2005.11.24"]

1. d4 Nf6 2. c4 e6 3. Nc3 d5 4. cxd5 exd5 5. Bg5 c6 6. e3 Bf5 7. Qf3 Bg6 8.
Bxf6 Qxf6 9. Qxf6 gxf6 10. h4 h5 11. Nge2 Bd6 12. g3 Na6 13. Nf4 Nb4 14. O-O-O
a5 15. a3 Na6 16. Rg1 b5 17. a4 bxa4 18. Nxg6 fxg6 19. Bxa6 Rxa6 20. Nxa4 Ke7
21. Kc2 Ra7 22. b3 Rb7 23. Rd3 Bb4 24. Kb2 Rhb8 25. Rc1 Kd7 26. Ka2 Rb5 27. Rg1
Rh8 28. Rdd1 Bd6 29. g4 Ke6 30. Rc1 hxg4 31. Rxg4 Kf7 32. Rxc6 Be7 33. Nc3 Rb7
34. Nxd5 Rhb8 35. Rc3 f5 36. Rg2 Bxh4 37. Rh2 g5 38. f4 Rd8 39. fxg5 Rxd5 40.
Rxh4 Kg6 41. Rc5 Rb5 42. Rh6+ Kxg5 43. Rhc6 Kg4 44. Rxd5 Rxd5 45. Rc5 Rd7 46.
Rxa5 f4 47. exf4 Kxf4 48. Ka3 Ke4 49. d5 Kd4 50. Kb4 Rd6 51. Ka4 Ke5 52. b4 Rd8
53. Rc5 Rb8 54. Kb3 Rh8 55. Kc4 Rh4+ 56. Kb5 Kd6 57. Rc8 Kd7 58. Rc6 Rh1 59.
Kb6 Rd1 60. d6 Rb1 61. b5 Rb2 62. Ka6 Ra2+ 63. Kb7 Rb2 64. b6 Ra2 65. Rc1 Rb2
66. Ka7 Ra2+ 67. Kb8 Rb2 68. b7 Rh2 69. Ra1 Kxd6 70. Ka8 1-0

[Event "2. Samba Cup B gruppen"]
[Site "Skanderborg"]
[Date "2005.10.18"]
[Round "5"]
[White "Hermansson, Emil"]
[Black "Mikkelsen, Nikolaj"]
[Result "1-0"]
[WhiteElo "2430"]
[BlackElo "2246"]
[PlyCount "63"]
[EventDate "2005.10.14"]
[EventType "tourn"]
[EventRounds "9"]
[EventCountry "DEN"]
[EventCategory "3"]
[Source "ChessBase"]
[SourceDate "2005.11.24"]

1. e4 c5 2. Nf3 d6 3. d4 cxd4 4. Nxd4 Nf6 5. Nc3 a6 6. Be3 e6 7. f3 Be7 8. Qd2
Nc6 9. O-O-O O-O 10. g4 Nxd4 11. Bxd4 b5 12. g5 Nd7 13. h4 b4 14. Na4 Qa5 15.
b3 Bb7 16. Kb1 Bc6 17. Nb2 d5 18. e5 Bc5 19. h5 Bxd4 20. Qxd4 Qc5 21. Qf4 Qc3
22. Nd3 a5 23. Bh3 d4 24. g6 a4 25. gxf7+ Kh8 26. Bxe6 axb3 27. Bxb3 Bb5 28. h6
g6 29. e6 Rxa2 30. Bxa2 b3 31. Bxb3 Ra8 32. f8=Q+ 1-0

[Event "2. Samba Cup B gruppen"]
[Site "Skanderborg"]
[Date "2005.10.16"]
[Round "3"]
[White "Hermansson, Emil"]
[Black "Ibarra Padron, Joel"]
[Result "1-0"]
[WhiteElo "2430"]
[BlackElo "2280"]
[PlyCount "55"]
[EventDate "2005.10.14"]
[EventType "tourn"]
[EventRounds "9"]
[EventCountry "DEN"]
[EventCategory "3"]
[Source "ChessBase"]
[SourceDate "2005.11.24"]

1. e4 c5 2. Nf3 Nc6 3. d4 cxd4 4. Nxd4 g6 5. Nc3 Bg7 6. Be3 Nf6 7. Bc4 O-O 8.
Bb3 d6 9. f3 Nd7 10. Qd2 Na5 11. O-O-O a6 12. Qd3 Nb6 13. h4 Bd7 14. h5 Rc8 15.
hxg6 Nxb3+ 16. cxb3 fxg6 17. Kb1 Rf7 18. Ka1 a5 19. a4 Na8 20. Ndb5 Be6 21. Nd5
Bxd5 22. Qxd5 Qd7 23. e5 Qf5 24. exd6 Qxd5 25. Rxd5 exd6 26. Nxd6 Rd7 27. Nxc8
Rf7 28. Nd6 1-0

[Event "2. Samba Cup B gruppen"]
[Site "Skanderborg"]
[Date "2005.10.23"]
[Round "9"]
[White "Hermansson, Emil"]
[Black "Berg, Klaus"]
[Result "1/2-1/2"]
[WhiteElo "2430"]
[BlackElo "2420"]
[PlyCount "21"]
[EventDate "2005.10.14"]
[EventType "tourn"]
[EventRounds "9"]
[EventCountry "DEN"]
[EventCategory "3"]
[Source "ChessBase"]
[SourceDate "2005.11.24"]

1. d4 Nf6 2. Nf3 d5 3. c4 dxc4 4. e3 e6 5. Bxc4 c5 6. O-O a6 7. Bb3 Nc6 8. Qe2
cxd4 9. Rd1 Be7 10. exd4 O-O 11. Nc3 1/2-1/2

[Event "2. Samba Cup B gruppen"]
[Site "Skanderborg"]
[Date "2005.10.14"]
[Round "1"]
[White "Hermansson, Emil"]
[Black "Glud, Jakob Vang"]
[Result "1/2-1/2"]
[WhiteElo "2430"]
[BlackElo "2313"]
[PlyCount "77"]
[EventDate "2005.10.14"]
[EventType "tourn"]
[EventRounds "9"]
[EventCountry "DEN"]
[EventCategory "3"]
[Source "ChessBase"]
[SourceDate "2005.11.24"]

1. d4 d5 2. c4 e6 3. Nc3 Be7 4. Nf3 Nf6 5. Bf4 O-O 6. e3 c5 7. dxc5 Bxc5 8.
cxd5 Nxd5 9. Nxd5 exd5 10. a3 Nc6 11. Bd3 Bb6 12. O-O d4 13. Qc2 h6 14. e4 Bg4
15. Ne5 Nxe5 16. Bxe5 Rc8 17. Qd2 Bc7 18. Bxc7 Qxc7 19. Rac1 Qb6 20. e5 Rxc1
21. Qxc1 Be6 22. f4 Rc8 23. Qd2 Rc5 24. f5 Bc4 25. e6 fxe6 26. f6 Bxd3 27. Qxd3
Rf5 28. Rxf5 exf5 29. Qxf5 Qxf6 30. Qc8+ Kh7 31. Qxb7 Qf4 32. Qb3 Qc1+ 33. Kf2
Qd2+ 34. Kf3 d3 35. Qe6 Qd1+ 36. Kg3 d2 37. Qe4+ Kg8 38. Qe8+ Kh7 39. Qe4+
1/2-1/2

[Event "2. Samba Cup B gruppen"]
[Site "Skanderborg"]
[Date "2005.10.21"]
[Round "7"]
[White "Hermansson, Emil"]
[Black "Michalczak, Thomas"]
[Result "1-0"]
[WhiteElo "2430"]
[BlackElo "2374"]
[PlyCount "85"]
[EventDate "2005.10.14"]
[EventType "tourn"]
[EventRounds "9"]
[EventCountry "DEN"]
[EventCategory "3"]
[Source "ChessBase"]
[SourceDate "2005.11.24"]

1. e4 e5 2. Nf3 Nc6 3. Bb5 a6 4. Ba4 Nf6 5. O-O Be7 6. Re1 b5 7. Bb3 d6 8. c3
O-O 9. h3 Nb8 10. d4 Nbd7 11. Nbd2 Bb7 12. Bc2 Re8 13. b3 Bf8 14. Nf1 g6 15.
Ng3 Bg7 16. d5 Nb6 17. Rb1 c6 18. c4 Rc8 19. Bd2 Nbd7 20. Bd3 Nc5 21. Bf1 cxd5
22. cxd5 h5 23. a4 h4 24. Nxh4 bxa4 25. bxa4 Nxd5 26. Nxg6 Nc7 27. Bb4 N7e6 28.
Bxc5 Nxc5 29. Bc4 Qf6 30. Qg4 d5 31. exd5 Qxg6 32. Qxg6 fxg6 33. d6+ Kf8 34. d7
Nxd7 35. Rxb7 Rxc4 36. Rxd7 Rxa4 37. Ne4 Re7 38. Rd6 Kf7 39. Ng5+ Ke8 40. Rb1
Ra7 41. Rb8+ Ke7 42. Re6+ Kd7 43. Rxg6 1-0

[Event "2. Samba Cup B gruppen"]
[Site "Skanderborg"]
[Date "2005.10.17"]
[Round "4"]
[White "Ibarra Padron, Joel"]
[Black "Glud, Jakob Vang"]
[Result "0-1"]
[WhiteElo "2280"]
[BlackElo "2313"]
[PlyCount "52"]
[EventDate "2005.10.14"]
[EventType "tourn"]
[EventRounds "9"]
[EventCountry "DEN"]
[EventCategory "3"]
[Source "ChessBase"]
[SourceDate "2005.11.24"]

1. e4 e6 2. d4 d5 3. e5 c5 4. c3 Qb6 5. Nf3 Bd7 6. a3 Ne7 7. b3 a5 8. dxc5 Qxc5
9. Be3 Qc7 10. Bd3 Nbc6 11. O-O Ng6 12. Re1 Ngxe5 13. Bc2 Bd6 14. Ng5 h6 15.
Nh3 g5 16. c4 d4 17. Bxd4 Nxd4 18. Qxd4 O-O-O 19. c5 Bxc5 20. Qc3 Ng4 21. g3 e5
22. Ra2 Nf6 23. b4 Bd4 24. Qf3 Qc6 25. Qxc6+ bxc6 26. Kg2 Be6 0-1

[Event "2. Samba Cup B gruppen"]
[Site "Skanderborg"]
[Date "2005.10.21"]
[Round "7"]
[White "Ibarra Padron, Joel"]
[Black "Rendboe, John Filip"]
[Result "1-0"]
[WhiteElo "2280"]
[BlackElo "2259"]
[PlyCount "65"]
[EventDate "2005.10.14"]
[EventType "tourn"]
[EventRounds "9"]
[EventCountry "DEN"]
[EventCategory "3"]
[Source "ChessBase"]
[SourceDate "2005.11.24"]

1. e4 c5 2. Nf3 Nc6 3. Bb5 g6 4. Bxc6 dxc6 5. d3 Bg7 6. h3 Nf6 7. O-O Nd7 8.
Nc3 e5 9. Be3 Qe7 10. Qd2 Nf8 11. Bh6 f6 12. Ne2 g5 13. Bxg7 Qxg7 14. Nh2 h5
15. b4 cxb4 16. d4 g4 17. h4 Qe7 18. Rab1 Ng6 19. f4 exd4 20. Nxd4 O-O 21. f5
Ne5 22. Ne2 a5 23. Nf4 Qf7 24. Rfd1 b6 25. Nf1 Ba6 26. Ng3 Bc4 27. Nfxh5 Bxa2
28. Ra1 b3 29. Qh6 Nc4 30. cxb3 Bxb3 31. Rd3 a4 32. e5 fxe5 33. Ne4 1-0

[Event "2. Samba Cup B gruppen"]
[Site "Skanderborg"]
[Date "2005.10.23"]
[Round "9"]
[White "Ibarra Padron, Joel"]
[Black "Matthiesen, Martin"]
[Result "0-1"]
[WhiteElo "2280"]
[BlackElo "2311"]
[PlyCount "46"]
[EventDate "2005.10.14"]
[EventType "tourn"]
[EventRounds "9"]
[EventCountry "DEN"]
[EventCategory "3"]
[Source "ChessBase"]
[SourceDate "2005.11.24"]

1. e4 g6 2. d4 Bg7 3. Nc3 d6 4. Be3 a6 5. Qd2 b5 6. a3 Nd7 7. Nf3 Bb7 8. Bd3 c5
9. O-O Ngf6 10. d5 O-O 11. Rfe1 Qc7 12. Bh6 Rae8 13. Bxg7 Kxg7 14. Na2 e6 15.
dxe6 Rxe6 16. Ng5 Re5 17. Nc3 Rfe8 18. f4 R5e7 19. Nd5 Nxd5 20. exd5 c4 21.
Qc3+ Kg8 22. Rxe7 Rxe7 23. f5 Qc5+ 0-1

[Event "2. Samba Cup B gruppen"]
[Site "Skanderborg"]
[Date "2005.10.15"]
[Round "2"]
[White "Ibarra Padron, Joel"]
[Black "Pytel, Krzysztof"]
[Result "1/2-1/2"]
[WhiteElo "2280"]
[BlackElo "2377"]
[PlyCount "31"]
[EventDate "2005.10.14"]
[EventType "tourn"]
[EventRounds "9"]
[EventCountry "DEN"]
[EventCategory "3"]
[Source "ChessBase"]
[SourceDate "2005.11.24"]

1. e4 c5 2. Nf3 Nc6 3. Bb5 Na5 4. c3 a6 5. Ba4 b5 6. Bc2 d5 7. d4 dxe4 8. Bxe4
Bb7 9. Nbd2 Nf6 10. Bxb7 Nxb7 11. O-O e6 12. Re1 Be7 13. Ne5 Rc8 14. Ndf3 O-O
15. Bg5 Nd5 16. Bxe7 1/2-1/2

[Event "2. Samba Cup B gruppen"]
[Site "Skanderborg"]
[Date "2005.10.16"]
[Round "3"]
[White "Matthiesen, Martin"]
[Black "Berg, Klaus"]
[Result "1/2-1/2"]
[WhiteElo "2311"]
[BlackElo "2420"]
[PlyCount "70"]
[EventDate "2005.10.14"]
[EventType "tourn"]
[EventRounds "9"]
[EventCountry "DEN"]
[EventCategory "3"]
[Source "ChessBase"]
[SourceDate "2005.11.24"]

1. d4 g6 2. e4 Bg7 3. Nc3 d6 4. Nf3 a6 5. a4 b6 6. Bc4 e6 7. Bg5 Ne7 8. Be3 Nd7
9. Qd2 h6 10. Bd3 Bb7 11. h3 c5 12. O-O Qc7 13. dxc5 Nxc5 14. a5 bxa5 15. Bb5+
Kf8 16. Bd3 Kg8 17. Nd4 Kh7 18. f4 f5 19. exf5 Nxf5 20. Be2 Nxe3 21. Qxe3 e5
22. f5 Qf7 23. Nb3 Nxb3 24. cxb3 d5 25. f6 Bxf6 26. Qb6 Raf8 27. Rxf6 Qxf6 28.
Qxb7+ Rf7 29. Qxd5 Rhf8 30. Rxa5 Qf2+ 31. Kh1 Qe1+ 32. Kh2 Rf1 33. Bxf1 Rxf1
34. Qb7+ Kg8 35. Qb8+ Kh7 1/2-1/2

[Event "2. Samba Cup B gruppen"]
[Site "Skanderborg"]
[Date "2005.10.22"]
[Round "8"]
[White "Matthiesen, Martin"]
[Black "Skovgaard, Peter Nicolai"]
[Result "1/2-1/2"]
[WhiteElo "2311"]
[BlackElo "2130"]
[PlyCount "56"]
[EventDate "2005.10.14"]
[EventType "tourn"]
[EventRounds "9"]
[EventCountry "DEN"]
[EventCategory "3"]
[Source "ChessBase"]
[SourceDate "2005.11.24"]

1. d4 Nf6 2. c4 c5 3. d5 e6 4. Nc3 exd5 5. cxd5 d6 6. e4 g6 7. f4 Bg7 8. Bb5+
Nbd7 9. e5 dxe5 10. fxe5 Nh5 11. e6 Qh4+ 12. g3 Nxg3 13. hxg3 Qxh1 14. Be3
Bxc3+ 15. bxc3 a6 16. exd7+ Bxd7 17. Bxd7+ Kxd7 18. Qb3 b5 19. O-O-O Qe4 20.
Bxc5 Rhc8 21. Bd4 Rc4 22. Qc2 Rxd4 23. Rxd4 Qe3+ 24. Kb2 Qxg1 25. Rf4 f5 26.
Rxf5 gxf5 27. Qxf5+ Kc7 28. Qe5+ Kb6 1/2-1/2

[Event "2. Samba Cup B gruppen"]
[Site "Skanderborg"]
[Date "2005.10.20"]
[Round "6"]
[White "Matthiesen, Martin"]
[Black "Hermansson, Emil"]
[Result "0-1"]
[WhiteElo "2311"]
[BlackElo "2430"]
[PlyCount "62"]
[EventDate "2005.10.14"]
[EventType "tourn"]
[EventRounds "9"]
[EventCountry "DEN"]
[EventCategory "3"]
[Source "ChessBase"]
[SourceDate "2005.11.24"]

1. d4 Nf6 2. c4 g6 3. Nc3 d5 4. cxd5 Nxd5 5. e4 Nxc3 6. bxc3 Bg7 7. Bc4 c5 8.
Ne2 O-O 9. O-O Nc6 10. Be3 Bd7 11. Rb1 a6 12. dxc5 Na5 13. Bd3 Qc7 14. Nd4 Rfd8
15. Qe2 e6 16. Nb3 Nxb3 17. axb3 Bxc3 18. b4 Bc6 19. Bg5 Rd7 20. Qc2 Qe5 21.
Bf4 Qxf4 22. Qxc3 Rad8 23. Bc2 Rd2 24. g3 Qg4 25. Rfe1 R8d4 26. Re3 e5 27. Rbe1
Bb5 28. Kg2 h5 29. h3 Qd7 30. Bb3 Bc6 31. R1e2 Rxe4 0-1

[Event "2. Samba Cup B gruppen"]
[Site "Skanderborg"]
[Date "2005.10.17"]
[Round "4"]
[White "Matthiesen, Martin"]
[Black "Michalczak, Thomas"]
[Result "1-0"]
[WhiteElo "2311"]
[BlackElo "2374"]
[PlyCount "139"]
[EventDate "2005.10.14"]
[EventType "tourn"]
[EventRounds "9"]
[EventCountry "DEN"]
[EventCategory "3"]
[Source "ChessBase"]
[SourceDate "2005.11.24"]

1. e4 e5 2. Nf3 Nc6 3. Bb5 a6 4. Ba4 Nf6 5. O-O Be7 6. Re1 b5 7. Bb3 d6 8. c3
O-O 9. d4 Bg4 10. a4 Re8 11. Na3 exd4 12. cxd4 d5 13. e5 Ne4 14. Nc2 Bh4 15. g3
Na5 16. Ba2 Be7 17. Ne3 Be6 18. Qc2 c6 19. Bb1 Qb6 20. axb5 axb5 21. Qd3 Nc4
22. Rxa8 Rxa8 23. Qe2 Ra1 24. Nxc4 bxc4 25. Bxe4 dxe4 26. Qxe4 Bd5 27. Qg4 Qb4
28. Rf1 Rxc1 29. Rxc1 Qxb2 30. Re1 c3 31. Qc8+ Bf8 32. e6 fxe6 33. Qe8 c2 34.
Ne5 Qa3 35. Qf7+ Kh8 36. Qf4 Qb4 37. Rc1 Be7 38. Qe3 c5 39. dxc5 Bxc5 40. Qd3
Be4 41. Qd8+ Bf8 42. Nd7 Kg8 43. Nxf8 Qxf8 44. Qxf8+ Kxf8 45. Kf1 Ke7 46. Ke2
Kf6 47. f3 Bg6 48. Kd2 h5 49. Ra1 Bf5 50. Ra5 Bg6 51. Rc5 Bf5 52. Rc4 Ke5 53.
g4 hxg4 54. fxg4 Bh7 55. Rc7 Kf6 56. h4 Be4 57. Ke3 Ke5 58. Kd2 Kf6 59. Rc4 Bh7
60. Ke3 Ke5 61. h5 Kf6 62. Rc5 Ke7 63. Kd2 Be4 64. Rc4 Bf3 65. Kxc2 e5 66. Kd3
e4+ 67. Rxe4+ Bxe4+ 68. Kxe4 g6 69. h6 Kf6 70. g5+ 1-0

[Event "2. Samba Cup B gruppen"]
[Site "Skanderborg"]
[Date "2005.10.14"]
[Round "1"]
[White "Matthiesen, Martin"]
[Black "Rendboe, John Filip"]
[Result "1/2-1/2"]
[WhiteElo "2311"]
[BlackElo "2259"]
[PlyCount "83"]
[EventDate "2005.10.14"]
[EventType "tourn"]
[EventRounds "9"]
[EventCountry "DEN"]
[EventCategory "3"]
[Source "ChessBase"]
[SourceDate "2005.11.24"]

1. e4 c5 2. Nf3 Nc6 3. Bb5 g6 4. Bxc6 dxc6 5. d3 Bg7 6. h3 e5 7. Be3 Qe7 8. Qd2
Nf6 9. Bh6 O-O 10. Nc3 Nh5 11. O-O Bxh6 12. Qxh6 Nf4 13. a4 f6 14. Rfe1 Qg7 15.
Qxg7+ Kxg7 16. a5 Ne6 17. Reb1 Bd7 18. b4 b5 19. axb6 axb6 20. Na4 cxb4 21.
Nxb6 Rxa1 22. Rxa1 Rf7 23. Ra7 Be8 24. Ra8 Nc7 25. Rb8 c5 26. Nd2 Bc6 27. Nb3
Ne6 28. Rc8 Bb7 29. Rb8 Rc7 30. Na5 Bc6 31. Nd5 Bxd5 32. exd5 Nf8 33. d6 Rd7
34. Rb6 Kf7 35. Nb3 Ne6 36. Rc6 Nd4 37. Rc7 Ke8 38. Nxc5 Rxd6 39. Ne4 Rb6 40.
Kf1 h5 41. g3 Re6 42. Rc5 1/2-1/2

[Event "2. Samba Cup B gruppen"]
[Site "Skanderborg"]
[Date "2005.10.14"]
[Round "1"]
[White "Michalczak, Thomas"]
[Black "Ibarra Padron, Joel"]
[Result "1-0"]
[WhiteElo "2374"]
[BlackElo "2280"]
[PlyCount "77"]
[EventDate "2005.10.14"]
[EventType "tourn"]
[EventRounds "9"]
[EventCountry "DEN"]
[EventCategory "3"]
[Source "ChessBase"]
[SourceDate "2005.11.24"]

1. e4 c5 2. c3 d6 3. d4 Nf6 4. Bd3 Nc6 5. Nf3 g6 6. h3 Bg7 7. O-O O-O 8. dxc5
dxc5 9. e5 Nd5 10. Qe2 Qc7 11. Re1 h6 12. a4 Be6 13. Na3 Rad8 14. Nc4 Na5 15.
Nxa5 Qxa5 16. Bc4 a6 17. Bd2 Qc7 18. Qe4 b5 19. axb5 axb5 20. Bxb5 Qb6 21. c4
Nb4 22. Bxb4 cxb4 23. Ra4 Qc5 24. Qe3 Qxe3 25. Rxe3 Rd1+ 26. Kh2 Rb8 27. b3 Rb1
28. Nd4 Rb2 29. f4 Bc8 30. Rxb4 e6 31. Re2 Rxe2 32. Nxe2 g5 33. g3 Bd7 34. Ra4
Bxb5 35. Rb4 Ra8 36. cxb5 Ra2 37. b6 Rxe2+ 38. Kh1 Re1+ 39. Kg2 1-0

[Event "2. Samba Cup B gruppen"]
[Site "Skanderborg"]
[Date "2005.10.20"]
[Round "6"]
[White "Michalczak, Thomas"]
[Black "Pytel, Krzysztof"]
[Result "0-1"]
[WhiteElo "2374"]
[BlackElo "2377"]
[PlyCount "36"]
[EventDate "2005.10.14"]
[EventType "tourn"]
[EventRounds "9"]
[EventCountry "DEN"]
[EventCategory "3"]
[Source "ChessBase"]
[SourceDate "2005.11.24"]

1. e4 d5 2. exd5 Qxd5 3. Nc3 Qd6 4. d4 Nf6 5. Nf3 c6 6. Ne5 Bf5 7. Qf3 e6 8.
Bf4 Qxd4 9. Rd1 Qc5 10. Nb5 Na6 11. Nd4 Be4 12. Qh3 Nb4 13. Nxf7 Kxf7 14. Qxe6+
Kg6 15. h4 h5 16. Be3 Re8 17. Qb3 Nxc2+ 18. Nxc2 Bxc2 0-1

[Event "2. Samba Cup B gruppen"]
[Site "Skanderborg"]
[Date "2005.10.16"]
[Round "3"]
[White "Michalczak, Thomas"]
[Black "Mikkelsen, Nikolaj"]
[Result "1/2-1/2"]
[WhiteElo "2374"]
[BlackElo "2246"]
[PlyCount "82"]
[EventDate "2005.10.14"]
[EventType "tourn"]
[EventRounds "9"]
[EventCountry "DEN"]
[EventCategory "3"]
[Source "ChessBase"]
[SourceDate "2005.11.24"]

1. e4 c5 2. c3 Nf6 3. e5 Nd5 4. Nf3 Nc6 5. d4 cxd4 6. cxd4 d6 7. Bc4 Nb6 8. Bb5
dxe5 9. Nxe5 Bd7 10. Nxd7 Qxd7 11. Nc3 e6 12. O-O Be7 13. Qg4 Bf6 14. Rd1 a6
15. Bxc6 Qxc6 16. Ne4 Rd8 17. Bh6 Ke7 18. Rac1 Qb5 19. Rc7+ Rd7 20. Bxg7 Bxg7
21. Qxg7 Rxc7 22. Qf6+ Kd7 23. Nc5+ Kc6 24. Qxh8 Nd7 25. Rc1 Kd5 26. Qd8 Qxb2
27. Rf1 Kc6 28. Nd3 Qb6 29. g3 Kd6 30. Ne5 Qb2 31. Nxf7+ Kc6 32. Qe7 Kb6 33.
Qxe6+ Ka7 34. Qd6 Qc2 35. Ne5 Nb6 36. h4 Rc3 37. a3 Qb3 38. h5 Rxg3+ 39. fxg3
Qxg3+ 40. Kh1 Qh3+ 41. Kg1 Qg3+ 1/2-1/2